Barris Sabadell - Statistics

General Stats
  • This quiz has been taken 11 times
  • The average score is 30 of 63
Answer Stats
Question Tile Select % Correct
Quins barris conformen el 1r districte? Can Gambús No
100%
Quins barris conformen el 1r districte? Centre Yes
89%
Quins barris conformen el 2n districte? Can Feu No
78%
Quins barris conformen el 2n districte? Can Llong No
78%
Quins barris conformen el 1r districte? Les termes No
78%
Quins barris conformen el 2n districte? Les termes No
78%
Quins barris conformen el 2n districte? Ca n'Oriach No
67%
Quins barris conformen el 1r districte? Creu Alta No
67%
Quins barris conformen el 7e districte? Serra Maurina No
67%
Quins barris conformen el 2n districte? Torrent del capellà No
67%
Quins barris conformen el 4t districte? Can Deu No
56%
Quins barris conformen el 2n districte? Can Puigganer Yes
56%
Quins barris conformen el 3r districte? Can Puigganer No
56%
Quins barris conformen el 7e districte? Can roquetes Yes
56%
Quins barris conformen el 2n districte? Creu Alta Yes
56%
Quins barris conformen el 7e districte? Espronceda No
56%
Quins barris conformen el 4t districte? Gràcia No
56%
Quins barris conformen el 1r districte? Hostafrancs Yes
56%
Quins barris conformen el 6e districte? Hostafrancs No
56%
Quins barris conformen el 6e districte? La creu de Barberà Yes
56%
Quins barris conformen el 3r districte? Planada del Pintor Yes
56%
Quins barris conformen el 7e districte? Poblenou Yes
56%
Quins barris conformen el 6e districte? Raval d'Amalia No
56%
Quins barris conformen el 6e districte? Serra d'en Camaró No
56%
Quins barris conformen el 5e districte? Sud No
56%
Quins barris conformen el 2n districte? Torreguitart No
56%
Quins barris conformen el 6e districte? Torreromeu No
56%
Quins barris conformen el 5e districte? Campoamor No
44%
Quins barris conformen el 5e districte? Can Gambús Yes
44%
Quins barris conformen el 3r districte? Ca n'Oriach Yes
44%
Quins barris conformen el 1r districte? Covadonga Yes
44%
Quins barris conformen el 6e districte? Espronceda Yes
44%
Quins barris conformen el 4t districte? La concòrdia Yes
44%
Quins barris conformen el 3r districte? La Roureda Yes
44%
Quins barris conformen el 5e districte? Les Termes No
44%
Quins barris conformen el 6e districte? Les termes Yes
44%
Quins barris conformen el 5e districte? Merinals Yes
44%
Quins barris conformen el 7e districte? Salut No
44%
Quins barris conformen el 4t districte? Sant Julià No
44%
Quins barris conformen el 1r districte? Sol i padrís Yes
44%
Quins barris conformen el 2n districte? Togores Yes
44%
Quins barris conformen el 7e districte? Torreromeu Yes
44%
Quins barris conformen el 1r districte? Avinguda Eixample Yes
33%
Quins barris conformen el 6e districte? Campoamor Yes
33%
Quins barris conformen el 4t districte? Can Llong Yes
33%
Quins barris conformen el 4t districte? Can Rull Yes
33%
Quins barris conformen el 4t districte? Castellarnau Yes
33%
Quins barris conformen el 4t districte? Cifuentes Yes
33%
Quins barris conformen el 7e districte? Est Yes
33%
Quins barris conformen el 5e districte? Gràcia Yes
33%
Quins barris conformen el 3r districte? Nord No
33%
Quins barris conformen el 5e districte? Oest Yes
33%
Quins barris conformen el 7e districte? Raval d'amalia Yes
33%
Quins barris conformen el 4t districte? Rodal de Berard Yes
33%
Quins barris conformen el 3r districte? Sant Julià No
33%
Quins barris conformen el 6e districte? Sant Pau Yes
33%
Quins barris conformen el 5e districte? Serra d'en Camaró Yes
33%
Quins barris conformen el 3r districte? Torreguitart Yes
33%
Quins barris conformen el 3r districte? Can Deu Yes
22%
Quins barris conformen el 5e districte? Can Feu Yes
22%
Quins barris conformen el 1r districte? Nostra Llar Yes
22%
Quins barris conformen el 7e districte? Rodal Serra Sant Iscle Yes
22%
Quins barris conformen el 3r districte? Torrent del Capellà Yes
11%
No matching quizzes found
Score Distribution
Percent of People with Each Score
Percentile by Number Answered
Your Score History
You have not taken this quiz